| 000 | 01372cam a2200373 a 4500 | ||
|---|---|---|---|
| 001 | EDZ0000158879 | ||
| 003 | StDuBDS | ||
| 005 | 20161031105240.0 | ||
| 006 | m||||||||d|||||||| | ||
| 007 | cr ||||||||||| | ||
| 008 | 130912s2011 ii a fo| 001|0|eng|d | ||
| 020 |
_a9788132112952 (ebook) : _cNo price |
||
| 040 |
_aStDuBDS _beng _cStDuBDS _epn |
||
| 049 | _aAlfaisal Main Library | ||
| 050 | 0 |
_aHG187.4 _b.S86 2011 |
|
| 082 | 0 | 4 |
_a332.1091767 _223 |
| 100 | 1 |
_aSundararajan, Venkataraman, _d-2010. |
|
| 245 | 1 | 0 |
_aIslamic finance _h[electronic resource] / _cwritings of V. Sundararajan ; edited by Jaseem Ahmed, Harinder S. Kohli. |
| 260 |
_aNew Delhi ; _aThousand Oaks, Calif. : _bSAGE, _c2011. |
||
| 300 |
_a1 online resource (xxxiii, 291 p.) : _bill. |
||
| 504 | _aIncludes bibliographical references and index. | ||
| 521 | _aSpecialized. | ||
| 588 | _aDescription based on print version record. | ||
| 650 | 0 |
_aBanks and banking _xReligious aspects _xIslam. |
|
| 650 | 0 |
_aFinance _xReligious aspects _xIslam. |
|
| 650 | 0 |
_aFinance _zIslamic countries. |
|
| 655 | 7 |
_aElectronic books. _2local |
|
| 700 | 1 | _aAhmed, Jaseem. | |
| 700 | 1 |
_aKohli, Harinder S., _d1945- |
|
| 710 | 2 | _aSage eBooks | |
| 776 | 0 | 8 |
_iPrint version : _z9788132107064 |
| 856 | 4 | 0 | _uhttp://ezproxy.alfaisal.edu/login?url=http://sk.sagepub.com/books/islamic-finance |
| 942 |
_2lcc _cEBOOKS |
||
| 999 |
_c482656 _d482656 |
||